000 00385nam a2200133Ia 4500
008 240624s9999 xx 000 0 und d
041 _aeng
082 _a302.230954 THO
100 _aTHOMAS PRADIP NINAN
245 _aPOLITICAL ECONOMY OF COMMUNICATIONS IN INDIA THE GOOD T
260 _c2010
_aNew Delhi
_bSage Publications
300 _axix, : 267 : p. : cm. ; 22
365 _cRS
_b34
999 _c15667
_d15667